000
00311nam a22001457a 4500
008
210526b ||||| |||| 00| 0 eng d
020
_a
088243604x
041
_a
eng
080
_a
7
082
_a
7
100
_a
44
101
_a
ART
245
_a
Sign Language Made Simple
_c
Lawrence,E,D
942
_2
udc
_c
BK
999
_c
57640
_d
57640